Tri sonety zo Shakespeara pre barytón a klavír : spev a klavír /

Uložené v:
Podrobná bibliografia
Hlavný autor: Ferenczy, Oto, 1921-2000 (Composer)
Médium: Hudobnina
Jazyk:Slovak
Vydané: Bratislava : Slovenský hudobný fond, 1965.
Fyzický popis: 1 partitúra (23 strán).
Tagy: Pridať tag
Žiadne tagy, Buďte prvý kto otaguje tento záznam!

MARC

LEADER 00000ncm a22000002i 4500
001 000213541
005 20240702144809.0
008 081215s1965 xr e slo d
020 |q (brožované)  |c Kčs 20,00 
040 |a SVKK  |b slo  |c SVKK  |e rda 
041 0 |a slo 
044 |a xo  |c SK 
100 1 |a Ferenczy, Oto,  |d 1921-2000  |4 cmp 
245 1 0 |a Tri sonety zo Shakespeara pre barytón a klavír :  |b spev a klavír /  |c Oto Ferenczy. 
264 1 |a Bratislava :  |b Slovenský hudobný fond,  |c 1965. 
300 |a 1 partitúra (23 strán). 
336 |a zápis hudby  |b ntm  |2 rdacontent 
337 |a bez média  |b n  |2 rdamedia 
338 |a zväzok  |b nc  |2 rdacarrier 
500 |a Záznam revízie 
910 |a svkkk 
998 |a MU 
090 |g SCKHL  |k Sklad Pribinova 3. posch.  |a V.44346  |j 354741  |i 2720968174  |s Absenčne